Statystyki dla Państwa, które zajmują przynajmniej 10% swojego kontynentu

Kliknij tutaj aby rozwiązać quiz!

Ogólne statystyki

  • Ten quiz został rozwiązany 795 razy
  • Średni wynik to 6 z 6

Statystyki odpowiedzi

ProcentOdpowiedź% Poprawnych
40%Stany Zjednoczone
98%
90%Australia
97%
41%Kanada
96%
48%Brazylia
95%
21%Chiny
94%
15%Argentyna
75%

Rozkład punktacji

Percentyl według liczby udzielonych odpowiedzi

Procent ludzi z każdym wynikiem

Twoja historia wyników

Nie rozwiązałeś tego quizu